000 01044nam a22002777a 4500
005 20090505110443.0
008 090505t xxu||||| |||| 00| 0 eng d
010 _aENG-93441
020 _a8189886568
_c380.00
020 _a9788189886561
_c380.00
035 _aEN-76974
037 _bDBAD / PUB
040 _adpl
_bEnglish
082 _a307.720954
100 _aAsaithambi, S.
245 _aThe changing face of rural India /
_cby S. Asaithambi, A. Mohamed Abdullah [and] N. Kannan
260 _aDelhi
_bAbhijeet Publications
_c2008
270 _a2/46 Tukhmeerpur Extension
_bDelhi
_e110094
300 _av, 152p.
_c22cm (Hb)
500 _aIncludes bibliographical references and index
651 _aIndia
_xRural conditions
700 _aMohamed Abdullah, A.
700 _aKannan, N.
942 _2ddc
_cEN
_mASA
_h307.720954
999 _c26100
_d26100